| 000 | 00468nam a2200181Ia 4500 | ||
|---|---|---|---|
| 005 | 20260122095433.0 | ||
| 008 | 260121s9999||||xx |||||||||||||| ||und|| | ||
| 020 | _a9789392969126 | ||
| 082 |
_a634.3 _bSHA |
||
| 100 | _aSharma, Nalini | ||
| 245 | 0 |
_aCitrus : _bbiotechnology and development / |
|
| 260 |
_aFaridabad : _bAgri Horti Press, _c2025. |
||
| 300 | _ax, 317 p.; pbk | ||
| 650 | _aBiotechnology | ||
| 650 | _aCitrus | ||
| 650 | _aDevelopment | ||
| 942 | _cTB | ||
| 999 |
_c47730 _d47730 |
||